000 00341nam a22001577a 4500
003 SGT
020 _a978-93-82956-78-5
082 _a615.19
_bP18K
100 _aPURI, B.R.
245 _aPRINCIPLES OF PHYSICAL CHEMISTRY
250 _a47th
260 _aDELHI
_bVISHAL PUB
_c2017
300 _a1366
650 _aPHARMACY
942 _2ddc
_cBK
999 _c15528
_d15528